[Event "Wuerttemberg-ch U18 Girls"]
[Site "Lindau"]
[Date "2002.04.04"]
[Round "4"]
[White "Reitz, Sabine"]
[Black "Guenther, Nicole"]
[Result "0-1"]
[WhiteElo "983"]
[BlackElo "949"]
[PlyCount "78"]
[EventDate "2002.04.??"]
[EventType "swiss"]
[EventRounds "7"]
[EventCountry "GER"]
[SourceTitle "EXT 2003"]
[Source "ChessBase"]
[SourceDate "2002.11.25"]
[SourceVersion "1"]
[SourceVersionDate "2002.11.25"]
[SourceQuality "1"]

1. e4 e5 2. Nf3 Nc6 3. d3 Nf6 4. Bg5 Be7 5. Nc3 d6 6. Qd2 Be6 7. 0-0-0 d5 8. Re1 d4 9. Nb5 Bb4 10. Qd1 Bxe1 11. Qxe1 Bxa2 12. g3 a6 13. Na3 h6 14. Bxf6 Qxf6 15. Qe2 0-0-0 16. Bh3+ Kb8 17. b3 Nb4 18. Qd2 a5 19. Nc4 Qxf3 20. Re1 b6 21. Nxe5 Qh5 22. c3 Qxe5 23. cxb4 Bxb3 24. Kb2 a4 25. Rc1 Qh5 26. Qf4 Rd6 27. Bg4 Qg5 28. Qxf7 Bxf7 29. Bd1 b5 30. f4 Qe7 31. e5 Rd5 32. h4 Qxb4+ 33. Ka1 Rc5 34. Rxc5 Qxc5 35. Kb1 Qc3 36. Bc2 Bb3 37. Bxb3 axb3 38. e6 Qc2+ 39. Ka1 Qa2# 0-1

[Event "Wuerttemberg-ch U18 Girls"]
[Site "Lindau"]
[Date "2002.04.03"]
[Round "2"]
[White "Dieringer, Monja"]
[Black "Guenther, Nicole"]
[Result "1/2-1/2"]
[WhiteElo "969"]
[BlackElo "949"]
[PlyCount "62"]
[EventDate "2002.04.??"]
[EventType "swiss"]
[EventRounds "7"]
[EventCountry "GER"]
[SourceTitle "EXT 2003"]
[Source "ChessBase"]
[SourceDate "2002.11.25"]
[SourceVersion "1"]
[SourceVersionDate "2002.11.25"]
[SourceQuality "1"]

1. e4 d5 2. exd5 Qxd5 3. Qf3 Qxf3 4. Nxf3 Bg4 5. Be2 Bxf3 6. gxf3 e6 7. d4 Kd8 8. Nc3 Nc6 9. Be3 e5 10. dxe5 Nxe5 11. Bd4 f6 12. Bxe5 fxe5 13. Bc4 Bb4 14. Bxg8 Bxc3+ 15. bxc3 Rxg8 16. Rd1+ Ke7 17. Rg1 Rad8 18. Rxd8 Rxd8 19. Kf1 Rd2 20. Rxg7+ Kd6 21. Rxh7 Rxc2 22. Rg7 Rxa2 23. Rg1 Ra1+ 24. Kg2 Rxg1+ 25. Kxg1 Kc5 26. Kg2 Kc4 27. Kg3 Kxc3 28. Kg4 Kd2 29. Kf5 Ke2 30. Kxe5 Ke1 31. Kd5 a6 1/2-1/2

[Event "Wuerttemberg-ch U18 Girls"]
[Site "Lindau"]
[Date "2002.04.02"]
[Round "1"]
[White "Guenther, Nicole"]
[Black "Buehrer, Nina"]
[Result "0-1"]
[WhiteElo "949"]
[BlackElo "1246"]
[PlyCount "92"]
[EventDate "2002.04.??"]
[EventType "swiss"]
[EventRounds "7"]
[EventCountry "GER"]
[SourceTitle "EXT 2003"]
[Source "ChessBase"]
[SourceDate "2002.11.25"]
[SourceVersion "1"]
[SourceVersionDate "2002.11.25"]
[SourceQuality "1"]

1. e4 e5 2. Nc3 Nf6 3. Nf3 Nc6 4. Bc4 Bc5 5. d3 d6 6. Bg5 h6 7. Be3 Bxe3 8. fxe3 Qe7 9. Qd2 g5 10. 0-0-0 Bd7 11. Rhf1 0-0-0 12. h3 Rhf8 13. h4 g4 14. Ng1 Be6 15. Bxe6+ Qxe6 16. Kb1 d5 17. exd5 Nxd5 18. e4 Nxc3+ 19. Qxc3 f5 20. Ne2 f4 21. Nc1 Nd4 22. Nb3 Nxb3 23. cxb3 Qe7 24. Rc1 c6 25. h5 Qg5 26. Rh1 Rde8 27. Rce1 g3 28. d4 exd4 29. Qxd4 b6 30. b4 f3 31. gxf3 Rxf3 32. Reg1 Ref8 33. Rd1 Rd8 34. Qxd8+ Qxd8 35. Rxd8+ Kxd8 36. Kc1 Rf2 37. a3 Kd7 38. b3 Ke6 39. Kd1 Ke5 40. Ke1 Ra2 41. Rf1 Kxe4 42. a4 Ke3 43. Kd1 Ra1+ 44. Kc2 Rxf1 45. Kc3 g2 46. Kc4 Rc1# 0-1